000
00324nam a22001457a 4500
003
OSt
005
20160727222351.0
008
160622b xxu||||| |||| 00| 0 eng d
040
_c
Test
100
_9
401
_a
Sumer
245
_a
Guide To Chemistry
260
_a
N.D
_b
Sumer Book
300
_a
Guide To Chemistry
942
_2
ddc
_c
BK
999
_c
327
_d
327